Online Catalogue and eLibrary

Being a Tamil and Sri Lankan (Record no. 5378)

MARC details
000 -LEADER
fixed length control field 00457nam a2200193Ia 4500
005 - DATE AND TIME OF LATEST TRANSACTION
control field 20241120024826.0
008 - FIXED-LENGTH DATA ELEMENTS--GENERAL INFORMATION
fixed length control field 240331s9999 xx 000 0 und d
020 ## - INTERNATIONAL STANDARD BOOK NUMBER
ISBN 9551132009
082 ## - DDC Classification
Item Number - Author Mark SIV
Class No. 894
100 ## - MAIN ENTRY--PERSONAL NAME
Personal name Sivathamby,K
245 #0 - TITLE STATEMENT
Title Being a Tamil and Sri Lankan
260 ## - PUBLICATION, DISTRIBUTION, ETC.
Place of publication, distribution, etc. Colombo
Name of publisher, distributor, etc. Aivakam
Date of publication, distribution, etc. 2005
300 ## - PHYSICAL DESCRIPTION
Extent (e.g. Volumes, Pages etc.) XXIV, 325 P .,
650 ## - SUBJECT ADDED ENTRY--TOPICAL TERM
Topical term or geographic name entry element Social
650 ## - SUBJECT ADDED ENTRY--TOPICAL TERM
Topical term or geographic name entry element Cultural
650 ## - SUBJECT ADDED ENTRY--TOPICAL TERM
Topical term or geographic name entry element Economics
650 ## - SUBJECT ADDED ENTRY--TOPICAL TERM
Topical term or geographic name entry element Political Culture
942 ## - Koha item type (Biblio)
Koha item type Books in Stacks (Lending)
Holdings
Lost status Damaged status Collection code Home library Current library Shelving location Date acquired Full call number Accession Number Item type
    Lending WERC Library WERC Library Social Science Cupboard 03/31/2024 894 SIV 6611 Books in Stacks (Lending)

© WERC Library